Effect of community based ecotourism management on forest resources conservation at chambok commune phnom srouch district kompong speu province, ឥទ្ធិពលនៃការគ្រប់គ្រងសហគមន៍ទេសចរណ៍ធម្មជាតិចំពោះការអភិរក្សធនធានព្រៃឈើ នៅឃុំចំបក់ ស្រុកភ្នំស្រួច ខេត្តកំពង់ស្ពឺ (Record no. 3425)
[ view plain ]
| 000 -LEADER | |
|---|---|
| fixed length control field | 00831nam a22001577a 4500 |
| 003 - CONTROL NUMBER IDENTIFIER | |
| control field | OSt |
| 005 - DATE AND TIME OF LATEST TRANSACTION | |
| control field | 20151114135844.0 |
| 008 - FIXED-LENGTH DATA ELEMENTS--GENERAL INFORMATION | |
| fixed length control field | 151114b xxu||||| |||| 00| 0 eng d |
| 040 ## - CATALOGING SOURCE | |
| Transcribing agency | RUA |
| 082 ## - DEWEY DECIMAL CLASSIFICATION NUMBER | |
| Classification number | FOR SEN 2013 B142 Or.1 |
| 100 ## - MAIN ENTRY--PERSONAL NAME | |
| 9 (RLIN) | 3677 |
| Personal name | SENG, RA VIN. |
| 245 ## - TITLE STATEMENT | |
| Title | Effect of community based ecotourism management on forest resources conservation at chambok commune phnom srouch district kompong speu province, ឥទ្ធិពលនៃការគ្រប់គ្រងសហគមន៍ទេសចរណ៍ធម្មជាតិចំពោះការអភិរក្សធនធានព្រៃឈើ នៅឃុំចំបក់ ស្រុកភ្នំស្រួច ខេត្តកំពង់ស្ពឺ |
| 260 ## - PUBLICATION, DISTRIBUTION, ETC. (IMPRINT) | |
| Place of publication, distribution, etc. | Phnom Penh |
| Name of publisher, distributor, etc. | RUA |
| Date of publication, distribution, etc. | 2013 |
| 300 ## - PHYSICAL DESCRIPTION | |
| Extent | xii; 51p. |
| Other physical details | ill. |
| Dimensions | 29cm. |
| 942 ## - ADDED ENTRY ELEMENTS (KOHA) | |
| Source of classification or shelving scheme | |
| Koha item type | FOR |
| Price effective from | Date last seen | Permanent Location | Not for loan | Date acquired | Source of classification or shelving scheme | Koha item type | Lost status | Withdrawn status | Date last checked out | Total Checkouts | Shelving location | Damaged status | Barcode | Current Location | Full call number |
|---|---|---|---|---|---|---|---|---|---|---|---|---|---|---|---|
| 2015-11-14 | 2026-01-21 | Library Block B | 2015-11-14 | FOR | 2025-12-17 | 6 | B142 | RUA027478 | Library Block B | FOR SEN 2013 B142 Or.1 | |||||
| 2015-11-14 | 2022-08-16 | Library Block B | 2015-11-14 | FOR | 2022-08-08 | 1 | B142 | RUA027191 | Library Block B | FOR SEN 2013 B142 Or.2 | |||||
| 2015-11-14 | 2015-11-14 | Library Block B | 2015-11-14 | FOR | B142 | RUA027225 | Library Block B | FOR SEN 2013 B142 Or.3 | |||||||
| 2015-11-14 | 2015-11-14 | Library Block B | 2015-11-14 | FOR | B142 | RUA027325 | Library Block B | FOR SEN 2013 B142 Or.4 | |||||||
| 2015-11-14 | 2016-07-15 | Library Block B | 2015-11-14 | FOR | 2016-07-05 | 1 | B142 | RUA027397 | Library Block B | FOR SEN 2013 B142 Or.5 | |||||
| 2015-11-14 | 2026-01-21 | Library Block B | 2015-11-14 | FOR | 2025-12-17 | 8 | B142 | RUA027335 | Library Block B | FOR SEN 2013 B142 Or.6 | |||||
| 2015-11-14 | 2015-11-14 | Library Block B | 2015-11-14 | FOR | B142 | RUA027065 | Library Block B | FOR SEN 2013 B142 Or.7 | |||||||
| 2015-11-14 | 2026-05-06 | Library Block B | 2015-11-14 | FOR | 2026-03-27 | 3 | B142 | RUA027299 | Library Block B | FOR SEN 2013 B142 Or.8 |